000 00489nam a2200157Ia 4500
008 260520s2025 xx 000 0 und d
041 _amar
082 _a339/BHO
100 _aभोसले, एस एम
245 _aस्थूल अर्थशास्त्र (B.A.II, S-III,P-III)
_b(NEP-2.0)
250 _a1st ed
260 _aकोल्हापूर
_bफडके प्रकाशन
_c2025
300 _a188p.
500 _aCat No: 14908
650 _aECONOMICS
999 _c1221714
_d1221714